US 1890 Small Bank Note Issue Wm H. Johnson Collection (May 2019) (Record no. 3383)

000 -LEADER
fixed length control field 00345nam a22000977a 4500
008 - FIXED-LENGTH DATA ELEMENTS--GENERAL INFORMATION
fixed length control field 220502b ||||| |||| 00| 0 eng d
100 ## - MAIN ENTRY--AUTHOR'S NAME
Author's Name Robert Siegel Auction Galleries
245 ## - TITLE STATEMENT
Title US 1890 Small Bank Note Issue Wm H. Johnson Collection (May 2019)
260 ## - PUBLICATION, DISTRIBUTION, ETC. (IMPRINT)
Place of publication, distribution, etc. New York
Name of publisher, distributor, etc. Robert Siegel Auction Galleries
Date of publication, distribution, etc. 2019
650 ## - TOPICAL TERM (Tag)
Topical term or geographic name US Classic| Small Bank Notes
Holdings
Withdrawn status Lost status Source of classification or shelving scheme Damaged status Koha normalized classification for sorting Not for loan Permanent Location Current Location Shelving location Date acquired Total Checkouts Full call number Barcode Date last seen Copy number Price effective from Koha item type
        G3701 C614 S571   Northern Philatelic Library Northern Philatelic Library General Stacks 05/02/2022   G3701 C614 S571 1005845 05/02/2022 1 05/02/2022 Auction Catalogs

Powered by Koha